000 00663nam a2200217 a 4500
001 BRCA_4241
005 20190320204610.0
008 140610s1913----gw-a######---#000-0#ger-#
041 _ager
044 _agw
050 4 _aPT2653
_b.Z33 1913
100 1 _aZabel, Eugen
_910929
245 1 0 _aDar Roman einer Kaiserin
_bKatharina II Geschichtlicher Roman von Rubland
_cEugen Zabel.
260 _aBerlín, Alemania
_bVerlag von Rich
_c1913
300 _a328 p.
_bil. (algunas a color)
_c21 cm.
440 0 _aRomana berühmter mönner und Frauen
_910930
500 _aAM53
600 1 4 _aCatarina II
_cEmperatriz
_vBiografía
_910931
902 _aGFM
942 _2lcc
_cB
999 _c3952
_d3952